[Event "Mike Shpan mem."]
[Site "Winnipeg CAN"]
[Date "2011.11.22"]
[Round "4"]
[White "Baron, Cody"]
[Black "Iomdina, Alexander"]
[Result "1-0"]
[WhiteElo "1352"]
[BlackElo "1421"]
[PlyCount "63"]
[GameId "2160767909647793"]
[EventDate "2011.11.01"]
[EventType "swiss"]
[EventRounds "6"]
[EventCountry "CAN"]
[SourceTitle "EXT 2022"]
[Source "ChessBase"]
[SourceDate "2021.10.06"]
[SourceVersion "1"]
[SourceVersionDate "2021.10.06"]
[SourceQuality "1"]

1. e4 c5 2. Nc3 Nf6 3. e5 Ng8 4. f4 Nc6 5. Bc4 d6 6. Bb5 Bd7 7. exd6 exd6 8. Nf3 Nf6 9. O-O Be7 10. d3 O-O 11. Be3 a6 12. Bc4 Bg4 13. h3 Bxf3 14. Qxf3 Qd7 15. Rad1 Rad8 16. Nd5 b5 17. Nxe7+ Qxe7 18. Bb3 Qc7 19. a4 Rfe8 20. Ra1 Re7 21. Bf2 Na5 22. axb5 Nxb3 23. cxb3 axb5 24. Bh4 Re6 25. Be1 Rde8 26. f5 Re3 27. Qf4 Nd5 28. Qg4 Rxd3 29. Qe4 Rxe4 30. Ra8+ Qb8 31. Rxb8+ Re8 32. Rxe8# 1-0

[Event "Mike Shpan mem."]
[Site "Winnipeg CAN"]
[Date "2011.11.22"]
[Round "4"]
[White "Reimer, Bruce"]
[Black "Afolabi, Damola"]
[Result "0-1"]
[WhiteElo "1601"]
[BlackElo "1545"]
[PlyCount "80"]
[GameId "2160767909647795"]
[EventDate "2011.11.01"]
[EventType "swiss"]
[EventRounds "6"]
[EventCountry "CAN"]
[SourceTitle "EXT 2022"]
[Source "ChessBase"]
[SourceDate "2021.10.06"]
[SourceVersion "1"]
[SourceVersionDate "2021.10.06"]
[SourceQuality "1"]

1. c4 g6 2. g3 Bg7 3. Bg2 Nf6 4. Nc3 O-O 5. e4 d6 6. d4 Nbd7 7. Nge2 Rb8 8. O-O b6 9. Be3 c5 10. d5 a5 11. h3 Ba6 12. b3 b5 13. cxb5 Bxb5 14. Nxb5 Rxb5 15. Rc1 Ne8 16. Qd2 Qa8 17. Nc3 Rb7 18. Bh6 Nc7 19. Bxg7 Kxg7 20. f4 Nb5 21. Nxb5 Rxb5 22. Qe2 Rfb8 23. e5 Qa7 24. Kh2 Qc7 25. e6 fxe6 26. dxe6 Nf6 27. f5 g5 28. Qe3 h6 29. Qc3 Rh8 30. a3 Rhb8 31. Rb1 Qb6 32. Rf3 a4 33. Bf1 Rxb3 34. Rxb3 Qxb3 35. Bg2 Qxc3 36. Rxc3 Rb3 37. Rf3 c4 38. h4 c3 39. hxg5 hxg5 40. Rf2 Ng4+ 0-1

[Event "Mike Shpan mem."]
[Site "Winnipeg CAN"]
[Date "2011.11.22"]
[Round "4"]
[White "Trueman, Francis"]
[Black "Evans, Brian"]
[Result "1-0"]
[WhiteElo "1511"]
[BlackElo "1529"]
[PlyCount "96"]
[GameId "2160767909647796"]
[EventDate "2011.11.01"]
[EventType "swiss"]
[EventRounds "6"]
[EventCountry "CAN"]
[SourceTitle "EXT 2022"]
[Source "ChessBase"]
[SourceDate "2021.10.06"]
[SourceVersion "1"]
[SourceVersionDate "2021.10.06"]
[SourceQuality "1"]

1. Nf3 Nf6 2. d3 d5 3. g3 Qd6 4. Nbd2 e5 5. e4 dxe4 6. dxe4 Nc6 7. Bg2 Bg4 8. O-O Nd4 9. c3 Nxf3+ 10. Bxf3 Bh3 11. Re1 Rd8 12. Qa4+ Bd7 13. Qc2 Qe6 14. Bg2 Bc5 15. Nf1 O-O 16. Be3 Bxe3 17. Nxe3 Bc6 18. Rad1 Rd6 19. Nf5 Rxd1 20. Qxd1 g6 21. Nh4 Qxa2 22. Qf3 Nxe4 23. Qe3 Nd6 24. Bxc6 bxc6 25. b4 Qa4 26. Qc5 f6 27. Nf3 Rb8 28. Qe3 Nf5 29. Qd2 Re8 30. Qd7 Re7 31. Qd8+ Kf7 32. g4 Nd6 33. Qh8 a5 34. Qxh7+ Ke6 35. Qxg6 axb4 36. Rxe5+ Kd7 37. Rxe7+ Kxe7 38. Qh7+ Kd8 39. Qg8+ Ne8 40. cxb4 Qxb4 41. Kg2 Qe4 42. h4 f5 43. Qg5+ Qe7 44. Qxe7+ Kxe7 45. gxf5 Kf6 46. Nd4 c5 47. Ne6 c4 48. h5 Ng7 1-0

[Event "Mike Shpan mem."]
[Site "Winnipeg CAN"]
[Date "2011.11.22"]
[Round "4"]
[White "Wolchock, Theo"]
[Black "Campbell, Gary"]
[Result "1/2-1/2"]
[WhiteElo "1669"]
[BlackElo "1735"]
[PlyCount "62"]
[GameId "2160767909647797"]
[EventDate "2011.11.01"]
[EventType "swiss"]
[EventRounds "6"]
[EventCountry "CAN"]
[SourceTitle "EXT 2022"]
[Source "ChessBase"]
[SourceDate "2021.10.06"]
[SourceVersion "1"]
[SourceVersionDate "2021.10.06"]
[SourceQuality "1"]

1. c4 b6 2. Nf3 c5 3. g3 Bb7 4. Bg2 Nf6 5. O-O d5 6. cxd5 Nxd5 7. d3 Nc6 8. Bd2 e6 9. Nc3 Be7 10. Rc1 Bf6 11. a3 O-O 12. Qc2 Re8 13. Ne4 Nd4 14. Nxf6+ Nxf6 15. Nxd4 Bxg2 16. Kxg2 cxd4 17. Kg1 Qd7 18. Bg5 Nd5 19. Qd2 f6 20. e4 dxe3 21. Bxe3 Rad8 22. Rfd1 Rc8 23. Rxc8 Rxc8 24. Rc1 e5 25. d4 Nxe3 26. Rxc8+ Qxc8 27. fxe3 exd4 28. exd4 Kf7 29. Qd1 Qd7 30. Qb3+ Qe6 31. d5 Qe1+ 1/2-1/2

[Event "Mike Shpan mem."]
[Site "Winnipeg CAN"]
[Date "2011.11.29"]
[Round "5"]
[White "Afolabi, Damola"]
[Black "Crawford, Gary"]
[Result "1/2-1/2"]
[WhiteElo "1545"]
[BlackElo "1454"]
[PlyCount "109"]
[GameId "2160767909647798"]
[EventDate "2011.11.01"]
[EventType "swiss"]
[EventRounds "6"]
[EventCountry "CAN"]
[SourceTitle "EXT 2022"]
[Source "ChessBase"]
[SourceDate "2021.10.06"]
[SourceVersion "1"]
[SourceVersionDate "2021.10.06"]
[SourceQuality "1"]

1. g3 e5 2. Bg2 d5 3. d3 Nf6 4. Nc3 h6 5. e3 c6 6. Nf3 Bg4 7. O-O Qd7 8. e4 d4 9. Ne2 Bd6 10. Bd2 O-O 11. c3 c5 12. c4 Nc6 13. a3 Rfb8 14. Rb1 a5 15. a4 Nb4 16. Bxb4 axb4 17. b3 Ra6 18. Kh1 Bc7 19. Nfg1 Nh7 20. f3 Be6 21. f4 f6 22. f5 Bf7 23. Nf3 Bh5 24. Neg1 Ng5 25. Qd2 Kf7 26. Nh4 Ke7 27. Bf3 Nxf3 28. Ngxf3 Rh8 29. h3 Qe8 30. g4 Bf7 31. Kg2 Kd7 32. Kf2 g6 33. fxg6 Bxg6 34. Nxg6 Qxg6 35. Nh4 Qg5 36. Qxg5 hxg5 37. Nf3 Rxh3 38. Rh1 Rxh1 39. Rxh1 Re6 40. Nh2 Re7 41. Nf1 Rf7 42. Ng3 Bd8 43. Nh5 Be7 44. a5 Rf8 45. Ra1 Ra8 46. Ng7 Bd8 47. Nh5 Kc6 48. Kg2 b5 49. a6 bxc4 50. dxc4 Kb6 51. Kf2 Rxa6 52. Rxa6+ Kxa6 53. Ng3 Kb6 54. Ke2 Kc6 55. Kd3 1/2-1/2

[Event "Mike Shpan mem."]
[Site "Winnipeg CAN"]
[Date "2011.11.29"]
[Round "5"]
[White "Baron, Cody"]
[Black "Wolchock, Theo"]
[Result "0-1"]
[WhiteElo "1352"]
[BlackElo "1669"]
[PlyCount "142"]
[GameId "2160767909647799"]
[EventDate "2011.11.01"]
[EventType "swiss"]
[EventRounds "6"]
[EventCountry "CAN"]
[SourceTitle "EXT 2022"]
[Source "ChessBase"]
[SourceDate "2021.10.06"]
[SourceVersion "1"]
[SourceVersionDate "2021.10.06"]
[SourceQuality "1"]

1. d4 Nf6 2. Nf3 e6 3. e3 Be7 4. Bd3 O-O 5. c3 b6 6. Nbd2 Bb7 7. O-O d6 8. e4 Nbd7 9. Re1 e5 10. Nf1 Re8 11. Ng3 Bf8 12. Bg5 h6 13. Be3 c6 14. Qb3 Qc7 15. Bc4 d5 16. Bd3 c5 17. Qc2 dxe4 18. Nxe4 Nxe4 19. Bxe4 Bxe4 20. Qxe4 exd4 21. Qh4 dxe3 22. fxe3 Re6 23. Rad1 Rae8 24. Qg4 Nf6 25. Qf4 Qxf4 26. exf4 Rxe1+ 27. Rxe1 Rxe1+ 28. Nxe1 Nd5 29. g3 c4 30. Kf2 Bc5+ 31. Kf3 Ne3 32. b4 cxb3 33. axb3 Nd1 34. c4 f5 35. Nd3 Kf8 36. Ne5 Nc3 37. Nd7+ Ke7 38. Ne5 Ke6 39. Nd3 Ne4 40. Ke2 Bg1 41. h3 Nxg3+ 42. Kf3 Ne4 43. Kg2 Nc5 44. Nxc5+ Bxc5 45. Kf3 g5 46. Kg3 Bd6 47. Kf3 Bxf4 48. Ke2 g4 49. Kf1 gxh3 50. Kg1 h2+ 51. Kh1 Bc7 52. Kg2 f4 53. Kxh2 f3+ 54. Kg1 h5 55. Kf2 h4 56. Kxf3 h3 57. Kf2 Kf5 58. Kg1 Kg4 59. b4 Kf3 60. b5 Ke4 61. Kf2 Kd4 62. c5 bxc5 63. b6 axb6 64. Kf1 c4 65. Kg1 c3 66. Kf1 c2 67. Ke2 c1=Q 68. Kf3 Qf4+ 69. Ke2 Qe3+ 70. Kf1 Qd2 71. Kg1 Qg2# 0-1

[Event "Mike Shpan mem."]
[Site "Winnipeg CAN"]
[Date "2011.11.29"]
[Round "5"]
[White "Evans, Brian"]
[Black "Iomdina, Alexander"]
[Result "1-0"]
[WhiteElo "1529"]
[BlackElo "1421"]
[PlyCount "47"]
[GameId "2160767909647800"]
[EventDate "2011.11.01"]
[EventType "swiss"]
[EventRounds "6"]
[EventCountry "CAN"]
[SourceTitle "EXT 2022"]
[Source "ChessBase"]
[SourceDate "2021.10.06"]
[SourceVersion "1"]
[SourceVersionDate "2021.10.06"]
[SourceQuality "1"]

1. d4 Nf6 2. c4 e6 3. Nc3 Bb4 4. Bd2 O-O 5. Nf3 c5 6. e3 Nc6 7. d5 Bxc3 8. Bxc3 exd5 9. cxd5 Nb4 10. Bc4 d6 11. a3 Na6 12. Qd3 Nc7 13. Ng5 g6 14. Ne4 Nxe4 15. Qxe4 Bf5 16. Qf4 b5 17. Ba2 a5 18. b4 axb4 19. axb4 Qe7 20. O-O Be4 21. Bf6 Qe8 22. Qh6 Ne6 23. dxe6 fxe6 24. Qg7# 1-0

[Event "Mike Shpan mem."]
[Site "Winnipeg CAN"]
[Date "2011.11.29"]
[Round "5"]
[White "Leaden, Bruce"]
[Black "Trueman, Francis"]
[Result "1-0"]
[WhiteElo "1427"]
[BlackElo "1511"]
[PlyCount "49"]
[GameId "2160767909647801"]
[EventDate "2011.11.01"]
[EventType "swiss"]
[EventRounds "6"]
[EventCountry "CAN"]
[SourceTitle "EXT 2022"]
[Source "ChessBase"]
[SourceDate "2021.10.06"]
[SourceVersion "1"]
[SourceVersionDate "2021.10.06"]
[SourceQuality "1"]

1. e4 d6 2. Nc3 e5 3. Nf3 Nf6 4. d3 g6 5. Be2 Bg7 6. O-O O-O 7. Bg5 h6 8. Bd2 Nbd7 9. Qc1 Kh7 10. b4 c6 11. a4 d5 12. exd5 Nxd5 13. Nxd5 cxd5 14. Bc3 Qc7 15. Ra3 d4 16. Ba1 f5 17. c4 dxc3 18. Rxc3 Qd8 19. Rc7 Qe7 20. Qd2 Qd6 21. Rfc1 Nb6 22. Bxe5 Qxc7 23. Rxc7 Rg8 24. Rxg7+ Rxg7 25. Bxg7 1-0

[Event "Mike Shpan mem."]
[Site "Winnipeg CAN"]
[Date "2011.12.06"]
[Round "6"]
[White "Campbell, Gary"]
[Black "Baron, Cody"]
[Result "1-0"]
[WhiteElo "1735"]
[BlackElo "1352"]
[PlyCount "47"]
[GameId "2160767909647803"]
[EventDate "2011.11.01"]
[EventType "swiss"]
[EventRounds "6"]
[EventCountry "CAN"]
[SourceTitle "EXT 2022"]
[Source "ChessBase"]
[SourceDate "2021.10.06"]
[SourceVersion "1"]
[SourceVersionDate "2021.10.06"]
[SourceQuality "1"]

1. d4 d5 2. c4 Nf6 3. cxd5 Nxd5 4. e4 Nb6 5. Nf3 N8d7 6. Nc3 g6 7. Be3 Bg7 8. Qd2 Nf6 9. Bh6 O-O 10. Bxg7 Kxg7 11. Be2 Re8 12. O-O Bg4 13. Rfd1 Nbd7 14. e5 Ng8 15. h3 Bxf3 16. Bxf3 Rb8 17. Qe3 e6 18. Rac1 c6 19. Ne4 f6 20. Nd6 Rf8 21. b4 Qe7 22. b5 fxe5 23. dxe5 cxb5 24. Rc7 1-0

[Event "Mike Shpan mem."]
[Site "Winnipeg CAN"]
[Date "2011.12.06"]
[Round "6"]
[White "Crawford, Gary"]
[Black "Evans, Brian"]
[Result "1-0"]
[WhiteElo "1454"]
[BlackElo "1529"]
[PlyCount "31"]
[GameId "2160767909647804"]
[EventDate "2011.11.01"]
[EventType "swiss"]
[EventRounds "6"]
[EventCountry "CAN"]
[SourceTitle "EXT 2022"]
[Source "ChessBase"]
[SourceDate "2021.10.06"]
[SourceVersion "1"]
[SourceVersionDate "2021.10.06"]
[SourceQuality "1"]

1. e4 e6 2. d4 d5 3. Nc3 Bb4 4. e5 c5 5. a3 Bxc3+ 6. bxc3 Nc6 7. Nf3 cxd4 8. cxd4 Nge7 9. Bd3 Bd7 10. O-O O-O 11. c3 h6 12. Nh4 Kh8 13. Qh5 Ng8 14. g4 Be8 15. g5 g6 16. Bxg6 1-0

[Event "Mike Shpan mem."]
[Site "Winnipeg CAN"]
[Date "2011.12.06"]
[Round "6"]
[White "Iomdina, Alexander"]
[Black "Afolabi, Damola"]
[Result "1-0"]
[WhiteElo "1421"]
[BlackElo "1545"]
[PlyCount "89"]
[GameId "2160767909647805"]
[EventDate "2011.11.01"]
[EventType "swiss"]
[EventRounds "6"]
[EventCountry "CAN"]
[SourceTitle "EXT 2022"]
[Source "ChessBase"]
[SourceDate "2021.10.06"]
[SourceVersion "1"]
[SourceVersionDate "2021.10.06"]
[SourceQuality "1"]

1. d4 g6 2. c4 c5 3. d5 Bg7 4. Nc3 d6 5. Bg5 Qa5 6. Qc2 Nf6 7. e3 O-O 8. Bd3 Na6 9. Nge2 Nb4 10. Qd2 Nxd3+ 11. Qxd3 Bf5 12. Qd2 Rfe8 13. O-O Qc7 14. a3 a6 15. f3 Rab8 16. e4 Bd7 17. a4 b5 18. axb5 axb5 19. cxb5 Bxb5 20. Rfc1 Bxe2 21. Nxe2 Nxe4 22. fxe4 Bxb2 23. Qf4 Bxa1 24. Rxa1 f6 25. Bh6 Qd7 26. Ng3 Rec8 27. Nh5 c4 28. Qxf6 exf6 29. Nxf6+ Kf7 30. Nxd7 Rb7 31. Rf1+ Kg8 32. Nf6+ Kh8 33. Ng4 c3 34. Ne3 Rcb8 35. Rc1 Rb2 36. Kf1 c2 37. Ke2 Re8 38. Kd3 Rb4 39. Rxc2 Rbxe4 40. Rc7 Ra4 41. Nc4 Kg8 42. Rg7+ Kh8 43. Nxd6 Ra3+ 44. Kc4 Ra4+ 45. Kb5 1-0

[Event "Mike Shpan mem."]
[Site "Winnipeg CAN"]
[Date "2011.12.06"]
[Round "6"]
[White "Reimer, Bruce"]
[Black "Lipic, Stephen"]
[Result "1/2-1/2"]
[WhiteElo "1601"]
[BlackElo "1834"]
[PlyCount "75"]
[GameId "2160767909647806"]
[EventDate "2011.11.01"]
[EventType "swiss"]
[EventRounds "6"]
[EventCountry "CAN"]
[SourceTitle "EXT 2022"]
[Source "ChessBase"]
[SourceDate "2021.10.06"]
[SourceVersion "1"]
[SourceVersionDate "2021.10.06"]
[SourceQuality "1"]

1. c4 c6 2. g3 e6 3. Bg2 d5 4. cxd5 exd5 5. d4 Nf6 6. Nc3 Be7 7. Nf3 O-O 8. O-O Nbd7 9. Re1 Re8 10. e4 dxe4 11. Nxe4 Nxe4 12. Rxe4 Nf6 13. Re1 Bg4 14. b3 Qb6 15. Be3 Nd5 16. Qd3 Bf6 17. Ne5 Nxe3 18. Rxe3 Bh5 19. Nd7 Qxd4 20. Nxf6+ Qxf6 21. Rae1 Rxe3 22. Qxe3 Qd6 23. Qe4 Bg6 24. Qe2 Rd8 25. Qe3 f6 26. Qxa7 Qd2 27. Ra1 Qc3 28. Rf1 Bd3 29. Qe3 Qc2 30. Qe7 Ra8 31. Qxb7 Rxa2 32. Qc8+ Kf7 33. Qd7+ Kg6 34. Qg4+ Kh6 35. Qh4+ Kg6 36. Qg4+ Kf7 37. Qd7+ Kg6 38. Qg4+ 1/2-1/2

[Event "Mike Shpan mem."]
[Site "Winnipeg CAN"]
[Date "2011.12.06"]
[Round "6"]
[White "Wolchock, Theo"]
[Black "Leaden, Bruce"]
[Result "1-0"]
[WhiteElo "1669"]
[BlackElo "1427"]
[PlyCount "57"]
[GameId "2160767909647808"]
[EventDate "2011.11.01"]
[EventType "swiss"]
[EventRounds "6"]
[EventCountry "CAN"]
[SourceTitle "EXT 2022"]
[Source "ChessBase"]
[SourceDate "2021.10.06"]
[SourceVersion "1"]
[SourceVersionDate "2021.10.06"]
[SourceQuality "1"]

1. c4 c5 2. g3 g6 3. Bg2 Bg7 4. Nc3 Nc6 5. e3 e5 6. Nge2 Nge7 7. O-O O-O 8. d3 d6 9. a3 a5 10. Qc2 Rb8 11. Nb5 Be6 12. Bd2 d5 13. Rfd1 b6 14. Rac1 d4 15. e4 Rb7 16. f4 Na7 17. Nxa7 Rxa7 18. fxe5 Nc6 19. Bf4 Nxe5 20. Bxe5 Bxe5 21. Rf1 f6 22. Nf4 Bxf4 23. Rxf4 Raf7 24. Rcf1 Bd7 25. e5 Be6 26. exf6 Rxf6 27. Qe2 Kg7 28. Qe5 R8f7 29. Be4 1-0

[Event "Mini-COQ"]
[Site "Montreal CAN"]
[Date "2011.07.23"]
[Round "1"]
[White "Gagnon, Serge"]
[Black "Ramaswamy, Kishor"]
[Result "0-1"]
[WhiteElo "1972"]
[BlackElo "2181"]
[PlyCount "76"]
[GameId "2160767909649235"]
[EventDate "2011.07.23"]
[EventType "swiss"]
[EventRounds "4"]
[EventCountry "CAN"]
[SourceTitle "EXT 2022"]
[Source "ChessBase"]
[SourceDate "2021.10.06"]
[SourceVersion "1"]
[SourceVersionDate "2021.10.06"]
[SourceQuality "1"]

1. d4 d5 2. c4 c6 3. Nf3 Nf6 4. Nc3 a6 5. e3 b5 6. cxd5 cxd5 7. Bd3 e6 8. O-O Bb7 9. Bd2 Bd6 10. a3 Nbd7 11. Na2 Qe7 12. a4 b4 13. a5 O-O 14. Ne1 Ne4 15. f4 Rfc8 16. Nf3 Ndf6 17. Qe1 Nxd2 18. Nxd2 Bc6 19. Qe2 Qb7 20. Rfc1 Ne4 21. Nb3 Rc7 22. Nc5 Bxc5 23. Bxe4 Bd6 24. Bd3 g6 25. b3 Bd7 26. Rxc7 Bxc7 27. Nc1 Qc6 28. Kf2 Qc3 29. Qa2 Bd8 30. Be2 g5 31. fxg5 Bxg5 32. Nd3 Qc7 33. g3 Bb5 34. Nxb4 Qc3 35. Nc2 Qd2 36. Re1 Rc8 37. Nb4 Bxe3+ 38. Kg2 Qxe1 0-1

[Event "Mini-COQ"]
[Site "Montreal CAN"]
[Date "2011.07.23"]
[Round "1"]
[White "Joanis, Marc-Andre"]
[Black "Morin, Louis"]
[Result "1-0"]
[WhiteElo "1683"]
[BlackElo "1885"]
[PlyCount "93"]
[GameId "2160767909649236"]
[EventDate "2011.07.23"]
[EventType "swiss"]
[EventRounds "4"]
[EventCountry "CAN"]
[SourceTitle "EXT 2022"]
[Source "ChessBase"]
[SourceDate "2021.10.06"]
[SourceVersion "1"]
[SourceVersionDate "2021.10.06"]
[SourceQuality "1"]

1. Nf3 d5 2. c4 d4 3. g3 c5 4. Bg2 Nc6 5. O-O e5 6. d3 f5 7. e3 Nf6 8. exd4 cxd4 9. Re1 Bd6 10. c5 Bc7 11. Qb3 Qe7 12. Na3 Qxc5 13. Bg5 Qe7 14. Nc4 O-O 15. Ncxe5+ Be6 16. Nxc6 bxc6 17. Qxe6+ Qxe6 18. Rxe6 c5 19. Bxf6 gxf6 20. Nd2 Rae8 21. Rae1 Kf7 22. Rxe8 Rxe8 23. Rxe8 Kxe8 24. f4 Ke7 25. Kf2 Ke6 26. Bh3 Ba5 27. Nf3 h6 28. Nh4 Kd5 29. b3 Kc6 30. Nxf5 h5 31. Bg2+ Kb5 32. a3 Bc7 33. Bf3 h4 34. Nxh4 a5 35. Bd1 Kc6 36. Nf5 Kd7 37. Kf3 Ke6 38. g4 Kf7 39. h4 Kg6 40. h5+ Kh7 41. Ke4 Kg8 42. g5 fxg5 43. fxg5 Kf7 44. a4 Bd8 45. g6+ Kf6 46. g7 Kf7 47. h6 1-0

[Event "Mini-COQ"]
[Site "Montreal CAN"]
[Date "2011.07.23"]
[Round "1.24"]
[White "Gulko, Andrei"]
[Black "Rondon, Luciano"]
[Result "1-0"]
[WhiteElo "2157"]
[BlackElo "1937"]
[PlyCount "81"]
[GameId "2160767909649237"]
[EventDate "2011.07.23"]
[EventType "swiss"]
[EventRounds "4"]
[EventCountry "CAN"]
[SourceTitle "EXT 2022"]
[Source "ChessBase"]
[SourceDate "2021.10.06"]
[SourceVersion "1"]
[SourceVersionDate "2021.10.06"]
[SourceQuality "1"]

1. d4 d5 2. Bg5 Nd7 3. c4 c6 4. cxd5 cxd5 5. Nc3 Qb6 6. Nf3 e6 7. Na4 Bb4+ 8. Bd2 Qa5 9. Nc3 Ngf6 10. a3 Bxc3 11. Bxc3 Qd8 12. e3 O-O 13. Bd3 Ne4 14. Rc1 Re8 15. O-O Ndf6 16. Ne5 Bd7 17. Be1 Nd6 18. f3 Nf5 19. Bf2 Ne7 20. Bh4 Ng6 21. Bxg6 hxg6 22. Qb3 Re7 23. Qxb7 Rb8 24. Qc7 Qe8 25. Nxd7 Rxd7 26. Qc3 Rdb7 27. b4 Qa4 28. Bg3 Re8 29. Qc6 Qxc6 30. Rxc6 a5 31. bxa5 Rb3 32. Bd6 Rxe3 33. Rfc1 Rd3 34. a6 Rxd4 35. Bb4 Rc4 36. R1xc4 dxc4 37. Rxc4 Ra8 38. Rc6 Nd5 39. Bc5 f6 40. a7 Kf7 41. Rd6 1-0

[Event "Mini-COQ"]
[Site "Montreal CAN"]
[Date "2011.07.23"]
[Round "1.35"]
[White "Chevalier, Francois"]
[Black "Gueorguiev, Valentin"]
[Result "1/2-1/2"]
[WhiteElo "1699"]
[BlackElo "2040"]
[PlyCount "95"]
[GameId "2160767909649238"]
[EventDate "2011.07.23"]
[EventType "swiss"]
[EventRounds "4"]
[EventCountry "CAN"]
[SourceTitle "EXT 2022"]
[Source "ChessBase"]
[SourceDate "2021.10.06"]
[SourceVersion "1"]
[SourceVersionDate "2021.10.06"]
[SourceQuality "1"]

1. d4 g6 2. e4 Bg7 3. Nc3 d6 4. Nf3 Nc6 5. Bb5 Bd7 6. Be3 Nf6 7. h3 a6 8. Bxc6 Bxc6 9. d5 Bd7 10. O-O O-O 11. Qd2 b5 12. a3 c5 13. dxc6 Bxc6 14. Qd3 Nd7 15. Bd4 Nc5 16. Qe3 Bxd4 17. Nxd4 Bb7 18. Rad1 Nd7 19. Rfe1 Nb6 20. b3 Nd7 21. Nf3 Rc8 22. e5 Bxf3 23. Qxf3 dxe5 24. Qd3 f6 25. Nxb5 axb5 26. Qxd7 Qxd7 27. Rxd7 Kf7 28. Rb7 Rc5 29. Rd1 f5 30. Rdd7 Re8 31. Rbc7 Rxc7 32. Rxc7 Ke6 33. Rb7 Ra8 34. Rxb5 Rxa3 35. Kf1 Ra2 36. c4 f4 37. f3 h5 38. b4 g5 39. Rb6+ Kf5 40. c5 g4 41. hxg4+ hxg4 42. fxg4+ Ke4 43. Re6 Rb2 44. c6 Rxb4 45. c7 Rc4 46. Rxe7 Rc2 47. g5 Kf5 48. g6 1/2-1/2

[Event "Mini-COQ"]
[Site "Montreal CAN"]
[Date "2011.07.23"]
[Round "2"]
[White "Abra, Mohammed"]
[Black "Poirier, Martin"]
[Result "0-1"]
[WhiteElo "1476"]
[BlackElo "1486"]
[PlyCount "122"]
[GameId "2160767909649239"]
[EventDate "2011.07.23"]
[EventType "swiss"]
[EventRounds "4"]
[EventCountry "CAN"]
[SourceTitle "EXT 2022"]
[Source "ChessBase"]
[SourceDate "2021.10.06"]
[SourceVersion "1"]
[SourceVersionDate "2021.10.06"]
[SourceQuality "1"]

1. e4 e6 2. d4 d5 3. Nd2 c5 4. c3 Nf6 5. Bd3 g6 6. Ne2 cxd4 7. Nxd4 Bg7 8. O-O O-O 9. f4 dxe4 10. Nxe4 Nbd7 11. Be3 a6 12. Qf3 Qe7 13. Nb3 Rb8 14. Rad1 b6 15. Rd2 Bb7 16. Rfd1 Nd5 17. Qf2 Nxe3 18. Qxe3 Rfd8 19. Bc2 Bxe4 20. Bxe4 Nf6 21. Bf3 Qc7 22. Nd4 Nd5 23. Bxd5 Rxd5 24. Nf3 Rxd2 25. Rxd2 Bf8 26. Kh1 Bc5 27. Qe5 Qxe5 28. Nxe5 Be3 29. Rd7 Bxf4 30. Nxf7 Rf8 31. g3 Rxf7 32. Rd8+ Kg7 33. gxf4 Rxf4 34. Kg2 e5 35. Rd7+ Rf7 36. Rd6 Rf6 37. Rd7+ Kh6 38. Re7 Rd6 39. Kg3 Rd3+ 40. Kg4 Rd2 41. Ra7 a5 42. b4 Rxa2 43. bxa5 Ra4+ 44. Kf3 bxa5 45. Rc7 Rf4+ 46. Kg3 a4 47. Rc5 a3 48. Ra5 Rc4 49. Rxa3 Kg5 50. h3 Kf5 51. Rb3 Ke4 52. Rb4 Kd3 53. Rxc4 Kxc4 54. Kf3 Kd3 55. Kf2 Kxc3 56. Ke3 h5 57. Ke4 Kd2 58. Kxe5 Ke3 59. Kf6 Kf4 60. Kxg6 h4 61. Kh5 Kg3 0-1

[Event "Mini-COQ"]
[Site "Montreal CAN"]
[Date "2011.07.23"]
[Round "2"]
[White "Desjardins, Michel"]
[Black "Lalonde, Paul"]
[Result "0-1"]
[WhiteElo "1902"]
[BlackElo "1898"]
[PlyCount "120"]
[GameId "2160767909649240"]
[EventDate "2011.07.23"]
[EventType "swiss"]
[EventRounds "4"]
[EventCountry "CAN"]
[SourceTitle "EXT 2022"]
[Source "ChessBase"]
[SourceDate "2021.10.06"]
[SourceVersion "1"]
[SourceVersionDate "2021.10.06"]
[SourceQuality "1"]

1. e4 e5 2. Nc3 Nf6 3. Bc4 Bb4 4. Nge2 O-O 5. O-O Nc6 6. d3 Na5 7. Bg5 c6 8. a3 Be7 9. Ba2 b6 10. f4 Ng4 11. Qc1 exf4 12. Bxe7 Qxe7 13. Qxf4 d6 14. d4 Bd7 15. b4 Nb7 16. Rae1 Rae8 17. h3 Nh6 18. Qg3 Nd8 19. Nf4 Kh8 20. Nh5 Rg8 21. Kh1 Ne6 22. d5 Nd4 23. dxc6 Bxc6 24. Qd3 Qe5 25. Nf4 Rgf8 26. Rd1 Ne6 27. Nfd5 Ng5 28. Qd4 Nxe4 29. Nxe4 Qxe4 30. Qxe4 Rxe4 31. Rde1 Rd4 32. Nf4 Rd2 33. Re2 Rxe2 34. Nxe2 Bb5 35. Rf2 f5 36. Nd4 Bd7 37. Bc4 g6 38. Re2 Re8 39. Rxe8+ Bxe8 40. Nb5 Bxb5 41. Bxb5 Kg7 42. Kg1 Kf6 43. Kf2 Ke5 44. c3 Nf7 45. h4 d5 46. Ke2 Nd6 47. Bc6 h6 48. a4 Ne4 49. Kd3 Ng3 50. c4 d4 51. c5 bxc5 52. bxc5 Ne4 53. Kc4 g5 54. hxg5 hxg5 55. Be8 g4 56. Bh5 d3 57. Kxd3 Nxc5+ 58. Kc4 Nxa4 59. Kb5 Nc3+ 60. Ka6 Nd5 0-1

[Event "Mini-COQ"]
[Site "Montreal CAN"]
[Date "2011.07.23"]
[Round "2"]
[White "Duplessis, Jean-Roch"]
[Black "Grenier, Jean-Luc"]
[Result "1/2-1/2"]
[WhiteElo "1706"]
[BlackElo "1721"]
[PlyCount "56"]
[GameId "2160767909649241"]
[EventDate "2011.07.23"]
[EventType "swiss"]
[EventRounds "4"]
[EventCountry "CAN"]
[SourceTitle "EXT 2022"]
[Source "ChessBase"]
[SourceDate "2021.10.06"]
[SourceVersion "1"]
[SourceVersionDate "2021.10.06"]
[SourceQuality "1"]

1. e4 c5 2. Nf3 d6 3. Bb5+ Bd7 4. Bxd7+ Qxd7 5. O-O Nf6 6. e5 dxe5 7. Nxe5 Qc7 8. d4 Nc6 9. Nxc6 Qxc6 10. dxc5 e6 11. b4 a5 12. c3 axb4 13. cxb4 b6 14. Be3 Nd5 15. Qf3 Nxb4 16. Qxc6+ Nxc6 17. cxb6 Nb4 18. Nc3 Nc2 19. Bf4 Bb4 20. b7 Rd8 21. Rac1 Nd4 22. Rfd1 Bxc3 23. Rxd4 Bxd4 24. b8=Q Rxb8 25. Bxb8 O-O 26. Bd6 Rd8 27. g3 g6 28. Bf4 Ra8 1/2-1/2

[Event "Mini-COQ"]
[Site "Montreal CAN"]
[Date "2011.07.23"]
[Round "2"]
[White "Gueorguiev, Valentin"]
[Black "Caceres Cortes, Julio"]
[Result "0-1"]
[WhiteElo "2040"]
[BlackElo "1987"]
[PlyCount "74"]
[GameId "2160767909649242"]
[EventDate "2011.07.23"]
[EventType "swiss"]
[EventRounds "4"]
[EventCountry "CAN"]
[SourceTitle "EXT 2022"]
[Source "ChessBase"]
[SourceDate "2021.10.06"]
[SourceVersion "1"]
[SourceVersionDate "2021.10.06"]
[SourceQuality "1"]

1. Nf3 Nf6 2. g3 d5 3. b3 Bf5 4. Bg2 e6 5. O-O Be7 6. Bb2 Nbd7 7. d3 h6 8. Nbd2 c6 9. Re1 Bh7 10. e4 O-O 11. e5 Ne8 12. Qe2 Qb6 13. a3 Nc7 14. Rab1 Rae8 15. a4 c5 16. Bh3 Na6 17. Rf1 Nb4 18. Ne1 f6 19. exf6 Bxf6 20. c3 Na2 21. c4 Bxb2 22. Rxb2 Nc3 23. Qh5 d4 24. Rc2 Qd6 25. Ndf3 Re7 26. Rd2 Ref7 27. Kg2 b6 28. g4 Qc6 29. g5 Ne5 30. Bg4 Rf4 31. h3 Rxg4+ 32. hxg4 Nxf3 33. Nxf3 Qxf3+ 34. Kg1 Bxd3 35. Rxd3 Ne2+ 36. Kh2 Qxd3 37. gxh6 Rxf2+ 0-1